| 000 | 00617nam a2200193 a 4500 | ||
|---|---|---|---|
| 001 | 000009686 | ||
| 005 | 20240412074212.0 | ||
| 008 | 091001s1952 sp 000 p spa d | ||
| 040 |
_aDO-SdBNP _bspa _cBNPHU |
||
| 082 |
_aRD861.44 _bG984p, 1952 |
||
| 100 | 1 |
_aGutierrez Valladon, Viriato _924583 |
|
| 245 | 1 | 0 |
_aEl problema mundial del azúcar / _cViriato Gutierrez Valladon. |
| 250 | _a2a. ed. | ||
| 260 |
_aMadrid, España : _bArtes grafícas Marisal, _c1952. |
||
| 300 |
_a372 p. ; _c18 cm. |
||
| 650 | 0 |
_aPoesía dominicana _966 |
|
| 650 | 0 |
_aLiteratura dominicana. _967 |
|
| 910 | _aValidado. Control de calidad MFF | ||
| 999 |
_c9446 _d9446 |
||